000 00456nam a2200193Ia 4500
003 OSt
005 20251203112343.0
008 250729s1983 xx 000 0 und d
020 _a978-0836412932
040 _cAL
041 _aeng
082 _a371.9 NAYI
100 _aNayak Tellis B
_9225480
245 _aIndian woman hood:then and now
260 _aBangalore
_c1983
300 _a302p
650 _aWomen Education
_9225481
942 _2ddc
_cBED
999 _c236932
_d236932